عرض عادي عرض مارك
  • Engineering economy.

مدخل مصطلح موضوعي

عدد التسجيلات المستخدمة في: 2

001 - رقم الضبط

  • حقل الضبط: 49747

003 - معرف رقم الضبط

  • حقل الضبط: OSt

005 - تاريخ ووقت أخر عملية

  • حقل الضبط: 20150729010827.0

008 - عناصر بيانات ثابتة الطول

  • حقل تحكم ثابت الطول: 150729|| aca||aabn | a|a d

040 ## - مصدر الفهرسة

  • هيئة الفهرسة الأصلية: OSt
  • وكالة الكتابة: OSt

150 ## - مدخل-- مصطلح تاريخي

  • عنصر مدخل المصطلح الموضوعي او الاسم الجغرافي: Engineering economy.

670 ## - بيانات المصدر موجوده

  • الاستشهاد بالمصدر: Work cat.: (OSt)0: Sullivan, William G. 49746, Engineering economy /, 2014.